00764 2200277 4500001002100000005001700021008004100038020001800079035002400097082001100121090001800132100001600150245008000166260004200246300002900288500002700317650003000344700002000374850001500394980001100409985000600420999001500426999001500441999001500456999001500471YOGYA-0209000003873120090227025409.0 ind  a979-22-0916-6 0010-020900000038731 a651.75 a65.175bHar S aHARIS, Chia aSurat menyurat dalam bahasa MandarincChia Haris; ilustrasi, Muhammad Iqbal aJakartabGramedia Pustaka Utamac2004 axi, 256 hlmbilusc24 cm aBibliografi : hlm. 256 aBahasa Cina-Korespondensi aIqbal, Muhammad aYOPDYOG(B) a060506 a2 a05B0011801 a05B0011802 a05B0011803 a05B0011804